[Event "Vaujany op-B 7th"]
[Site "Vaujany"]
[Date "2016.07.16"]
[Round "6"]
[White "Dubois, Herve"]
[Black "Berger, Konogan"]
[Result "1-0"]
[WhiteElo "1863"]
[BlackElo "1800"]
[PlyCount "47"]
[EventDate "2016.07.16"]
[EventType "swiss"]
[EventRounds "9"]
[EventCountry "FRA"]
[SourceTitle "EXT 2017"]
[Source "ChessBase"]
[SourceDate "2016.10.25"]
[SourceVersion "1"]
[SourceVersionDate "2016.10.25"]
[SourceQuality "1"]

1. c4 c5 2. Nf3 Nf6 3. Nc3 Nc6 4. g3 g6 5. Bg2 Bg7 6. 0-0 0-0 7. d4 cxd4 8. Nxd4 d6 9. Nxc6 bxc6 10. Bxc6 Rb8 11. Bg2 Nd7 12. Qc2 Nc5 13. Re1 Bb7 14. e4 Qd7 15. Be3 Rfd8 16. Rad1 Bxc3 17. Qxc3 Nxe4 18. Bxe4 Bxe4 19. Bh6 e5 20. Rxe4 Qf5 21. Qe3 f6 22. Qxa7 Qd7 23. Qxd7 Rxd7 24. Bc1 1-0

[Event "FRA-ch U14"]
[Site "Gonfreville"]
[Date "2016.04.11"]
[Round "3.10"]
[White "Zachary, Matheo"]
[Black "Berger, Konogan"]
[Result "1-0"]
[WhiteElo "2081"]
[BlackElo "1817"]
[PlyCount "93"]
[EventDate "2016.04.22"]
[EventType "swiss"]
[EventRounds "9"]
[EventCountry "FRA"]
[SourceTitle "EXT 2019"]
[Source "ChessBase"]
[SourceDate "2018.10.10"]
[SourceVersion "1"]
[SourceVersionDate "2018.10.10"]
[SourceQuality "1"]

1. e4 c6 2. Nc3 d5 3. Nf3 Bg4 4. h3 Bxf3 5. Qxf3 e6 6. d3 Nd7 7. a3 Be7 8. g3 Ngf6 9. Bg2 0-0 10. 0-0 d4 11. Nb1 e5 12. Qe2 Ne8 13. f4 f6 14. Nd2 Nd6 15. Nf3 Nf7 16. Nh4 Re8 17. Qf2 Nd6 18. f5 Rc8 19. g4 Nf7 20. Nf3 Qc7 21. h4 h6 22. Qg3 Qd8 23. Rf2 Kh7 24. Bf1 Rh8 25. Bd2 Kg8 26. Rg2 c5 27. Be2 Rc6 28. Kf2 Kf8 29. Rag1 Rg8 30. Qh2 Qb6 31. b3 Bd8 32. g5 fxg5 33. hxg5 hxg5 34. Bxg5 Bxg5 35. Nxg5 Nxg5 36. Rxg5 Rh6 37. Qg3 Qf6 38. Ke1 a5 39. a4 b6 40. Kd1 Qf7 41. Kc1 Qf6 42. Kb2 Nb8 43. Rg6 Rxg6 44. fxg6 Qe6 45. Qh4 Ke8 46. Qh7 Ke7 47. Bg4 1-0